| 000 | 00467nam a22001697a 4500 | ||
|---|---|---|---|
| 005 | 20241230003529.0 | ||
| 008 | 241230b |||||||| |||| 00| 0 eng d | ||
| 020 | _a9780143462439 | ||
| 041 | _aEng | ||
| 082 | _a658.4092 SIN | ||
| 100 | _aSingh, V. K. | ||
| 245 | _aLeadership in the Indian Army : Biographies of Twelve Soldiers | ||
| 260 |
_aHaryana _bPenguin _c2023 |
||
| 300 | _a471;, P. | ||
| 650 | _aLeadership; India. Army Officers-Biography | ||
| 942 | _cBK | ||
| 999 |
_c43179 _d43179 |
||